Thomas Frank's Tottenham - Statistics

General Stats
  • This quiz has been taken 38 times
  • The average score is 23 of 29
Answer Stats
Rank Player Position Nationality Matches Goals Assists % Correct
1 Guglielmo Vicario Goalkeeper 36 0 0
100%
9 Cristian Romero Centre-Back 28 6 4
97%
6 Micky van de Ven Centre-Back 32 7 1
97%
2 Pedro Porro Right-Back 34 0 5
97%
8 Richarlison Centre-Forward 31 8 3
97%
12 Mohammed Kudus Right Winger 26 3 6
94%
24 Radu Drăgușin Centre-Back 5 0 0
94%
19 Destiny Udogie Left-Back 20 0 1
91%
14 Pape Matar Sarr Central Midfield 26 2 3
91%
10 Rodrigo Bentancur Defensive Midfield 28 1 1
91%
7 Xavi Simons Attacking Midfield 31 2 6
91%
18 Brennan Johnson Right Winger 22 4 0
88%
20 Dominic Solanke Centre-Forward 11 4 0
88%
16 Mathys Tel Centre-Forward 24 3 0
88%
11 Randal Kolo Muani Centre-Forward 27 3 3
88%
22 Yves Bissouma Defensive Midfield 5 0 0
88%
4 Djed Spence Left-Back 33 0 0
85%
13 Lucas Bergvall Central Midfield 26 1 4
85%
17 Kevin Danso Centre-Back 23 0 0
82%
27 Antonín Kinský Goalkeeper 2 0 0
79%
3 João Palhinha Defensive Midfield 34 5 3
79%
23 Ben Davies Centre-Back 5 1 0
76%
15 Archie Gray Central Midfield 25 2 0
70%
5 Wilson Odobert Left Winger 33 2 5
70%
21 Conor Gallagher Central Midfield 5 0 1
52%
25 Dane Scarlett Centre-Forward 5 0 0
52%
29 Souza Left-Back 1 0 0
52%
26 Jun'ai Byfield Centre-Back 3 0 0
33%
28 Lucá Williams-Barnett Attacking Midfield 1 0 0
21%
No matching quizzes found
Score Distribution
Percent of People with Each Score
Percentile by Number Answered
Your Score History
You have not taken this quiz